| 000 | 00694nam a2200229Ia 4500 | ||
|---|---|---|---|
| 003 | GCL | ||
| 008 | 140319s9999 xx 000 0 ara d | ||
| 040 |
_aGCL / _cGCL |
||
| 082 | 0 | 4 |
_a701.18 _bى ك |
| 100 | 1 | _aيوسف فرنسيس | |
| 245 | 1 | 0 |
_aكيف تقرا اللوحة? / _cيوسف فرنسيس |
| 260 |
_a[S.N] : _bالهيئة المصرية العامة للكتاب ، _c1986 |
||
| 490 |
_aتبسيط العلوم _v0 |
||
| 650 | 0 | 4 | _aطرق التدريس |
| 650 | 0 | 4 | _aالتعليم |
| 650 | 0 | 4 | _aالفن |
| 650 | 0 | 4 | _aالتذوق الفنى |
| 650 | 0 | 4 | _aاللوحات |
| 650 | 0 | 4 | _aاللوحات الفنية |
| 650 | 0 | 4 | _aالجمال - فن |
| 942 |
_2ddc _cBK |
||
| 999 |
_c30497 _d30497 |
||